Statistics for College basketball teams with the most national championships

Click here to take the quiz!

General Stats

  • This quiz has been taken 30 times
  • The average score is 6 of 8

Answer Stats

ChampionshipsTeams% Correct
6UCONN
96%
5Duke
93%
11UCLA
93%
6North Carolina
85%
8Kentucky
78%
4Kansas
74%
5Indiana
48%
3Villanova
48%

Score Distribution

Percentile by Number Answered

Percent of People with Each Score

Your Score History

You have not taken this quiz